| 000 | 00773cam a2200241 4500 | ||
|---|---|---|---|
| 001 | M1474 | ||
| 008 | 090401t1993 xxu||||| |||| 00| 0 eng d | ||
| 035 | _a(Sirsi) u32262 | ||
| 041 | _aeng | ||
| 050 | _a692.2 | ||
| 090 | _aRICS 1993/103AB | ||
| 110 |
_aRoyal Institution of Chartered Surveyors _94900 |
||
| 245 | _aDraft document: definitions of inspections and survey of buildings. | ||
| 260 |
_aLondon _bRICS _c1993 |
||
| 300 | _a6p. ; 30cm. | ||
| 350 | _a0 | ||
| 520 | _aFor final document see M2300. Paper prepared by a group of institutions including the RICS. | ||
| 650 | _aBUILDING SURVEYS | ||
| 650 | _aBUILT ENVIRONMENT-BUILDING SURVEYING-STRUCTURAL SURVEYING | ||
| 690 | _aBUILT ENVIRONMENT-BUILDING INSPECTION | ||
| 942 | _n0 | ||
| 948 | _c04/03/1997 | ||
| 999 |
_c89702 _d89702 |
||